Snowmen's twelve nights of Christmas / written by ... Read More
Available copies
- 3 of 3 copies available at LARL/NWRL Consortium.
- 2 of 2 copies available at Lake Agassiz Regional Library. (Show preferred library)
Current holds
0 current holds with 3 total copies.
View other formats and editions
Show Only Available Copies
| Location | Call Number / Copy Notes | Barcode | Shelving Location | Status | Due Date |
|---|---|---|---|---|---|
| Detroit Lakes Public Library | E B (Text) | 33500013888961 | Main | Available | - |
| Moorhead Public Library | E B (Text) | 33500013888953 | Main | Available | - |
| Thief River Falls Public Library | e BUE (Text) | 35500006729485 | Main | Available | - |
Record details
- ISBN: 9780593624722
- ISBN: 0593624726
- Physical Description: 1 volume (unpaged) : color illustrations ; 29 cm
- Publisher: New York : Dial Books for Young Readers, 2023.
- Copyright: ©2023
Content descriptions
| Summary, etc.: | Retelling of the classic Christmas carol with a ... Read More |
| Target Audience Note: | Ages 3-7 years. Dial Books for Young Readers. |
Search for related items by subject
| Subject: | Snowmen > Songs and music > Texts. Christmas music > Texts. Carols, English > United States > Texts. Snowmen > Songs and music. Christmas music. Carols. Songs. |
| Genre: | Picture books. Song texts. Carols. Christmas music. |
| LDR | 02584cam a22006738i 4500 | ||
|---|---|---|---|
| 001 | 418117 | ||
| 003 | LARL_NWRL_CONSORTIUM | ||
| 005 | 20231107170815.0 | ||
| 008 | 230822t20232023nyua b 000 1 eng | ||
| 010 | . | ‡a 2023038767 | |
| 040 | . | ‡aDLC ‡beng ‡erda ‡cDLC ‡dETC ‡dYDX ‡dTAW ‡dJAS ‡dVP@ ‡dILC ‡dOCLCF | |
| 020 | . | ‡a9780593624722 ‡q(hardcover) | |
| 020 | . | ‡a0593624726 ‡q(hardcover) | |
| 020 | . | ‡z9780593624739 | |
| 035 | . | ‡a(OCoLC)1362864412 | |
| 042 | . | ‡apcc | |
| 043 | . | ‡an-us--- | |
| 082 | 0 | 0. | ‡a782.42 ‡aE ‡223/eng/20230822 |
| 100 | 1 | . | ‡aBuehner, Caralyn, ‡eauthor. ‡0(LARL_NWRL_CONSORTIUM)103807 |
| 245 | 1 | 0. | ‡aSnowmen's twelve nights of Christmas / ‡cwritten by Caralyn Buehner ; illustrated by Mark Buehner. |
| 246 | 3 | . | ‡aSnowmen's 12 nights of Christmas |
| 264 | 1. | ‡aNew York : ‡bDial Books for Young Readers, ‡c2023. | |
| 264 | 4. | ‡c©2023 | |
| 300 | . | ‡a1 volume (unpaged) : ‡bcolor illustrations ; ‡c29 cm | |
| 336 | . | ‡atext ‡btxt ‡2rdacontent | |
| 336 | . | ‡astill image ‡bsti ‡2rdacontent | |
| 337 | . | ‡aunmediated ‡bn ‡2rdamedia | |
| 338 | . | ‡avolume ‡bnc ‡2rdacarrier | |
| 521 | . | ‡aAges 3-7 years. ‡bDial Books for Young Readers. | |
| 520 | . | ‡aRetelling of the classic Christmas carol with a snowmen twist. | |
| 650 | 0. | ‡aSnowmen ‡vSongs and music ‡vTexts. | |
| 650 | 0. | ‡aChristmas music ‡vTexts. ‡0(LARL_NWRL_CONSORTIUM)164265 | |
| 650 | 0. | ‡aCarols, English ‡zUnited States ‡vTexts. | |
| 650 | 1. | ‡aSnowmen ‡vSongs and music. | |
| 650 | 1. | ‡aChristmas music. ‡0(LARL_NWRL_CONSORTIUM)16738 | |
| 650 | 1. | ‡aCarols. ‡0(LARL_NWRL_CONSORTIUM)15916 | |
| 650 | 1. | ‡aSongs. ‡0(LARL_NWRL_CONSORTIUM)31426 | |
| 655 | 7. | ‡aPicture books. ‡2lcgft | |
| 655 | 7. | ‡aSong texts. ‡2lcgft | |
| 655 | 7. | ‡aCarols. ‡2lcgft | |
| 655 | 7. | ‡aChristmas music. ‡2lcgft | |
| 700 | 1 | . | ‡aBuehner, Mark, ‡eillustrator. ‡0(LARL_NWRL_CONSORTIUM)96598 |
| 901 | . | ‡a418117 ‡bOCoLC ‡c418117 ‡tbiblio ‡soclc | |

Add to basket
Permalink
Disable Highlighting